MARC details
| 000 -LEADER |
| fixed length control field |
01562cam a2200421 i 4500 |
| 001 - CONTROL NUMBER |
| control field |
cakescustardchil00alde |
| 003 - CONTROL NUMBER IDENTIFIER |
| control field |
CaSfIA |
| 005 - DATE AND TIME OF LATEST TRANSACTION |
| control field |
20230525154828.0 |
| 007 - PHYSICAL DESCRIPTION FIXED FIELD--GENERAL INFORMATION |
| fixed length control field |
cr|||| |
| 008 - FIXED-LENGTH DATA ELEMENTS--GENERAL INFORMATION |
| fixed length control field |
760106t19751974nyua j 001 0 eng |
| 010 ## - LIBRARY OF CONGRESS CONTROL NUMBER |
| LC control number |
75024523 |
| 040 ## - CATALOGING SOURCE |
| Original cataloging agency |
DLC |
| Transcribing agency |
DLC |
| Modifying agency |
BAKER |
| -- |
OCLCQ |
| -- |
BTCTA |
| -- |
YDXCP |
| -- |
CaSfIA |
| 019 ## - |
| -- |
2110572 |
| -- |
2142003 |
| -- |
2437281 |
| 020 ## - INTERNATIONAL STANDARD BOOK NUMBER |
| International Standard Book Number |
0688220509 : |
| Terms of availability |
$9.95. |
| 020 ## - INTERNATIONAL STANDARD BOOK NUMBER |
| International Standard Book Number |
9780688220501 |
| 020 ## - INTERNATIONAL STANDARD BOOK NUMBER |
| International Standard Book Number |
0688320503 (lib. bdg.) |
| 020 ## - INTERNATIONAL STANDARD BOOK NUMBER |
| International Standard Book Number |
9780688320508 (lib. bdg.) |
| 035 ## - SYSTEM CONTROL NUMBER |
| System control number |
(OCoLC)1845890 |
| Canceled/invalid control number |
(OCoLC)2110572 |
| -- |
(OCoLC)2142003 |
| -- |
(OCoLC)2437281 |
| 042 ## - AUTHENTICATION CODE |
| Authentication code |
lcac |
| 050 00 - LIBRARY OF CONGRESS CALL NUMBER |
| Classification number |
PZ8.3 |
| Item number |
.C124 1975 |
| 082 00 - DEWEY DECIMAL CLASSIFICATION NUMBER |
| Classification number |
398.8 |
| 029 1# - OTHER SYSTEM CONTROL NUMBER (OCLC) |
| OCLC library identifier |
NZ1 |
| System control number |
2651609 |
| 029 1# - OTHER SYSTEM CONTROL NUMBER (OCLC) |
| OCLC library identifier |
AU@ |
| System control number |
000000235767 |
| 029 1# - OTHER SYSTEM CONTROL NUMBER (OCLC) |
| OCLC library identifier |
AU@ |
| System control number |
000027528500 |
| 245 00 - TITLE STATEMENT |
| Title |
Cakes and custard : |
| Medium |
[electronic resource] |
| Remainder of title |
children's rhymes / |
| Statement of responsibility, etc. |
chosen by Brian Alderson ; illustrated by Helen Oxenbury. |
| 260 ## - PUBLICATION, DISTRIBUTION, ETC. |
| Place of publication, distribution, etc. |
New York : |
| Name of publisher, distributor, etc. |
W. Morrow, |
| Date of publication, distribution, etc. |
1975, c1974. |
| 300 ## - PHYSICAL DESCRIPTION |
| Extent |
156 p. : |
| Other physical details |
ill. (some col.) ; |
| Dimensions |
25 cm. |
| 500 ## - GENERAL NOTE |
| General note |
Includes index. |
| 520 ## - SUMMARY, ETC. |
| Summary, etc. |
A collection of rhymes for young children, some old favorites, some obscure, some modern. |
| 650 #0 - SUBJECT ADDED ENTRY--TOPICAL TERM |
| Topical term or geographic name entry element |
Nursery rhymes, English. |
| 650 #0 - SUBJECT ADDED ENTRY--TOPICAL TERM |
| Topical term or geographic name entry element |
Children's poetry, English. |
| 650 #1 - SUBJECT ADDED ENTRY--TOPICAL TERM |
| Topical term or geographic name entry element |
Nursery rhymes. |
| 650 #1 - SUBJECT ADDED ENTRY--TOPICAL TERM |
| Topical term or geographic name entry element |
English poetry. |
| 700 1# - ADDED ENTRY--PERSONAL NAME |
| Personal name |
Alderson, Brian. |
| 700 1# - ADDED ENTRY--PERSONAL NAME |
| Personal name |
Oxenbury, Helen. |
| 856 41 - ELECTRONIC LOCATION AND ACCESS |
| Uniform Resource Identifier |
<a href="http://www.archive.org/details/cakescustardchil00alde">http://www.archive.org/details/cakescustardchil00alde</a> |
| Public note |
Free eBook from the Internet Archive |
| 856 42 - ELECTRONIC LOCATION AND ACCESS |
| Uniform Resource Identifier |
<a href="http://www.openlibrary.org/books/OL5200667M">http://www.openlibrary.org/books/OL5200667M</a> |
| Public note |
Additional information and access via Open Library |